Clash Royale - alle Karten - Statistiken

Allgemein
  • Dieses Quiz wurde 3.955 mal gespielt
  • Das Durchschnittsergebnis liegt bei 46 aus 110
Antwortstatistiken
Hint Antwort % Korrekt
Gewöhnlich Skelette
77%
Gewöhnlich Ritter
74%
Gewöhnlich Kobolde
73%
Selten Riese
73%
Selten Feuerball
72%
Gewöhnlich Barbaren
70%
Gewöhnlich Bogenschützen
69%
Gewöhnlich Eisgeist
69%
Episch Blitz
68%
Gewöhnlich Kanone
68%
Episch Prinz
68%
Gewöhnlich Tesla
68%
Gewöhnlich Pfeile
67%
Gewöhnlich Feuergeist
64%
Selten Infernoturm
64%
Legendär Kampfholz
64%
Selten Magier
64%
Legendär Megaritter
64%
Episch P.E.K.K.A.
64%
Selten Koboldhütte
62%
Legendär Eismagier
60%
Episch Hexe
60%
Selten Mini-P.E.K.K.A.
60%
Legendär Elektromagier
59%
Episch Koboldfass
59%
Gewöhnlich Knall
56%
Selten Rakete
56%
Gewöhnlich Speerkobolde
56%
Selten Barbarenhütte
55%
Selten Schweinereiter
55%
Gewöhnlich Elektrogeist
54%
Episch Golem
54%
Episch Wut
51%
Selten Grabstein
50%
Legendär Infernodrache
50%
Episch Skelettarmee
50%
Legendär Friedhof
49%
Episch Gift
49%
Gewöhnlich Koboldgang
49%
Episch Dunkler Prinz
48%
Legendär Prinzessin
48%
Episch X-Bogen
48%
Selten Bombenturm
47%
Champion Goldener Ritter
46%
Selten Ofen
46%
Episch Koboldriese
45%
Episch Ballon
44%
Legendär Nachthexe
43%
Champion Bogenschützen-Königin
42%
Episch Elektrodrache
42%
Episch Elektroriese
42%
Legendär Holzfäller
42%
Gewöhnlich Königsriese
42%
Gewöhnlich Schneeball
42%
Champion Skelettkönig
42%
Episch Barbarenfass
41%
Episch Frost
41%
Legendär Banditin
40%
Legendär Tunnelgräber
40%
Selten Walküre
39%
Legendär Funki
38%
Gewöhnlich Lakaien
37%
Selten Koboldkäfig
36%
Gewöhnlich Minenwerfer
36%
Selten Musketierin
36%
Episch Riesenskelett
36%
Gewöhnlich Bomber
35%
Gewöhnlich Elitebarbaren
35%
Gewöhnlich Skelettfass
35%
Selten Eisgolem
33%
Selten Erdbeben
33%
Champion Kleiner Prinz
33%
Legendär Lavahund
33%
Champion Mönch
32%
Gewöhnlich Feuerwerkerin
31%
Gewöhnlich Lakaienhorde
31%
Episch Drachenbaby
30%
Gewöhnlich Fledermäuse
28%
Episch Spiegel
28%
Legendär Hexenmutter
27%
Episch Tornado
27%
Selten Blasrohrkobold
26%
Champion Großer Gräber
26%
Episch Koboldbohrer
26%
Episch Mauerbrecher
25%
Episch Bowler
23%
Selten Heilungsgeist
23%
Legendär Widderreiterin
23%
Selten Elixiergolem
22%
Episch Klonzauber
22%
Gewöhnlich Königliche Luftpost
22%
Legendär Königsgeist
22%
Legendär Magieschütze
22%
Selten Rammbock
22%
Gewöhnlich Skelettdrachen
21%
Episch Wächter
21%
Legendär Fischer
19%
Selten Drei Musketierinnen
18%
Selten Kampfheilerin
18%
Episch Kanonenkarre
18%
Selten Megalakai
18%
Episch Jäger
17%
Gewöhnlich Königsrekruten
16%
Selten Königsschweinchen
16%
Legendär Phönix
16%
Gewöhnlich Rabauken
16%
Selten Elixiersammler
15%
Episch Scharfrichter
14%
Selten Flugmaschine
13%
Selten Zappys
11%
Keine übereinstimmenden Quizze gefunden
Verteilung der Resultate
Anzahl Personen mit jedem Resultat
Perzentil nach korrekt beantworteten Fragen
Ihre Resultats-Entwicklung
Sie haben dieses Quiz noch nicht gespielt